Closely related plasmid replicons coexisting in the phytopathogen pseudomonas syringae show a mosaic organization of the replication region and altered incompatibility behavior /
Wedi'i Gadw mewn:
| Prif Awdur: | |
|---|---|
| Awduron Eraill: | , |
| Fformat: | Erthygl |
| Iaith: | English |
| Pynciau: | |
| Tagiau: |
Ychwanegu Tag
Dim Tagiau, Byddwch y cyntaf i dagio'r cofnod hwn!
|
| Thư viện lưu trữ: | Thư viện Trường Đại học Đà Lạt |
|---|
| LEADER | 01104nam a2200337 4500 | ||
|---|---|---|---|
| 001 | DLU090091784 | ||
| 005 | ##20091201 | ||
| 040 | # | # | |a DLU |b eng |
| 041 | # | # | |a eng |
| 044 | # | # | |a us |
| 100 | # | # | |a Sesma, Ane. |
| 245 | # | # | |a Closely related plasmid replicons coexisting in the phytopathogen pseudomonas syringae show a mosaic organization of the replication region and altered incompatibility behavior / |c Ane Sesma, George W. Sundin, Jesus Murillo. |
| 653 | # | # | |a Genes |
| 653 | # | # | |a Incompatibility |
| 653 | # | # | |a Molecular cloning |
| 653 | # | # | |a Plant pathogen |
| 653 | # | # | |a Pseudomonas syringae |
| 653 | # | # | |a Replication |
| 653 | # | # | |a Replicon |
| 700 | # | # | |a Murillo, Jesus. |
| 700 | # | # | |a Sundin, George W. |
| 773 | # | # | |t Applied and Environmental Microbiology |g Vol. 64, no. 10 (October 1998), p. 3948-3953 |
| 920 | # | # | |a Phòng Tạp chí -- Trung tâm Thông tin - Thư viện Trường Đại học Đà Lạt |
| 994 | # | # | |a DLU |
| 900 | # | # | |a True |
| 911 | # | # | |a Trương Bảo Trâm Anh |
| 925 | # | # | |a G |
| 926 | # | # | |a A |
| 927 | # | # | |a BB |
| 980 | # | # | |a Thư viện Trường Đại học Đà Lạt |